000 00642nam a2200265Ia 4500
003 OSt
005 20220927110348.0
006 a|||||r|||| 00| 0
007 ta
008 220926b |||||||| |||| 00| 0 eng d
024 _a42988
037 _cReports
040 _aRTL
_cRTL
_beng
041 _2eng
_aeng
082 _a"X:272r, GD"
110 _a"India, Production(M/0-0"
_9376714
245 0 _aReport.
260 _c1954
300 _a242p
_ccm.
490 _v1952-1954
650 _aProduction Economics
700 _a"India, Production(M/0-0"
_9376715
942 _h"X:272r, GD"
_cCC
999 _c695831
_d695831